The landfill directive: significant changes for waste disposal (Record no. 74556)

MARC details
000 -LEADER
fixed length control field 00880cab a2200229 4500
001 - CONTROL NUMBER
control field ABS68293
008 - FIXED-LENGTH DATA ELEMENTS--GENERAL INFORMATION
fixed length control field 041001n2004 000 0 eng u
035 ## - SYSTEM CONTROL NUMBER
System control number (Sirsi) u127601
100 ## - MAIN ENTRY--PERSONAL NAME
Personal name Joy, V.
245 #4 - TITLE STATEMENT
Title The landfill directive: significant changes for waste disposal
260 ## - PUBLICATION, DISTRIBUTION, ETC.
Date of publication, distribution, etc. 2004
490 ## - SERIES STATEMENT
Series statement Waste Planning
Volume/sequential designation (52) September 2004, 3-4(2)
520 ## - SUMMARY, ETC.
Summary, etc. Summary of the impacts made by the landfill directive (Directive 99/31/EC) from July 2004. Covers waste classification, waste acceptance criterial and hazardous waste. Briefly provides advice to those dealing with waste from developers to waste producers.
590 ## - LOCAL NOTE (RLIN)
Local note ABS
650 ## - SUBJECT ADDED ENTRY--TOPICAL TERM
Topical term or geographic name entry element DIRECTIVE 99/31/EC
650 ## - SUBJECT ADDED ENTRY--TOPICAL TERM
Topical term or geographic name entry element WASTE DISPOSAL
650 ## - SUBJECT ADDED ENTRY--TOPICAL TERM
Topical term or geographic name entry element WASTE CONTROL
650 ## - SUBJECT ADDED ENTRY--TOPICAL TERM
Topical term or geographic name entry element HAZARDOUS WASTE
650 ## - SUBJECT ADDED ENTRY--TOPICAL TERM
Topical term or geographic name entry element WASTE POLICY
690 ## - LOCAL SUBJECT ADDED ENTRY--TOPICAL TERM (OCLC, RLIN)
Topical term or geographic name as entry element ENVIRONMENTAL AND LAND CONSULTANCY-WASTE MANAGEMENT
942 ## - ADDED ENTRY ELEMENTS (KOHA)
Suppress in OPAC 0
Holdings
Withdrawn status Lost status Source of classification or shelving scheme Damaged status Not for loan Home library Current library Shelving location Date acquired Total Checkouts Full call number Barcode Date last seen Copy number Price effective from Koha item type
    Dewey Decimal Classification     London London Journal article 01/10/2004   ABS68293 127601-1001 06/08/2019 1 06/08/2019 Journal article